<?xml version="1.0" encoding="UTF-8"?><?xml-stylesheet type="text/xsl" href="static/style.xsl"?><OAI-PMH xmlns="http://www.openarchives.org/OAI/2.0/" xmlns:xsi="http://www.w3.org/2001/XMLSchema-instance" xsi:schemaLocation="http://www.openarchives.org/OAI/2.0/ http://www.openarchives.org/OAI/2.0/OAI-PMH.xsd"><responseDate>2026-04-13T02:05:51Z</responseDate><request verb="GetRecord" identifier="oai:www.recercat.cat:10459.1/464131" metadataPrefix="marc">https://recercat.cat/oai/request</request><GetRecord><record><header><identifier>oai:recercat.cat:10459.1/464131</identifier><datestamp>2025-09-15T18:40:51Z</datestamp><setSpec>com_2072_3622</setSpec><setSpec>col_2072_479130</setSpec></header><metadata><record xmlns="http://www.loc.gov/MARC21/slim" xmlns:dcterms="http://purl.org/dc/terms/" xmlns:xsi="http://www.w3.org/2001/XMLSchema-instance" xmlns:doc="http://www.lyncode.com/xoai" xsi:schemaLocation="http://www.loc.gov/MARC21/slim http://www.loc.gov/standards/marcxml/schema/MARC21slim.xsd">
   <leader>00925njm 22002777a 4500</leader>
   <datafield ind2=" " ind1=" " tag="042">
      <subfield code="a">dc</subfield>
   </datafield>
   <datafield ind2=" " ind1=" " tag="720">
      <subfield code="a">Serrano Casasola, José Carlos Enrique</subfield>
      <subfield code="e">author</subfield>
   </datafield>
   <datafield ind2=" " ind1=" " tag="720">
      <subfield code="a">Castro-Boqué, Eva</subfield>
      <subfield code="e">author</subfield>
   </datafield>
   <datafield ind2=" " ind1=" " tag="720">
      <subfield code="a">García-Carrasco, Alicia</subfield>
      <subfield code="e">author</subfield>
   </datafield>
   <datafield ind2=" " ind1=" " tag="720">
      <subfield code="a">Morán-Valero, María Inés</subfield>
      <subfield code="e">author</subfield>
   </datafield>
   <datafield ind2=" " ind1=" " tag="720">
      <subfield code="a">González-Hedström, Daniel</subfield>
      <subfield code="e">author</subfield>
   </datafield>
   <datafield ind2=" " ind1=" " tag="720">
      <subfield code="a">Bermúdez López, Marcelino</subfield>
      <subfield code="e">author</subfield>
   </datafield>
   <datafield ind2=" " ind1=" " tag="720">
      <subfield code="a">Valdivielso Revilla, José Manuel</subfield>
      <subfield code="e">author</subfield>
   </datafield>
   <datafield ind2=" " ind1=" " tag="720">
      <subfield code="a">Espinel, Alberto E.</subfield>
      <subfield code="e">author</subfield>
   </datafield>
   <datafield ind2=" " ind1=" " tag="720">
      <subfield code="a">Portero Otín, Manuel</subfield>
      <subfield code="e">author</subfield>
   </datafield>
   <datafield ind2=" " ind1=" " tag="260">
      <subfield code="c">2023</subfield>
   </datafield>
   <datafield ind2=" " ind1=" " tag="520">
      <subfield code="a">The use of garlic (Allium sativum) for treating arterial hypertension has been recognized as effective for several decades. However, tolerance to treatment is low, and several technological modifications have been developed to improve its tolerability, such as the aging process at controlled temperature and humidity. This study aims to validate the antihypertensive effects of an optimized extract of aged black garlic with low doses of s-allyl-cysteine (SAC) in a Grade I hypertensive population with drug treatment. A randomized, triple-blind, placebo-controlled parallel trial was developed, where a daily supplementation with 0.25 mg/day of SAC for 12 weeks was performed. A reduction in systolic and diastolic blood pressure of 1.8 mmHg (0.7 to 4.1 95% CI) and 1.5 mmHg (0.3 to 3.0 95% CI), respectively, was observed. Similarly, an increase in blood nitric oxide (10.3 µM, 1.1 to 19.5 95% CI) and antioxidant capacity (7 × 10−3 µM TE/min, (1.2 to 13 × 10−3 95% CI) and a reduction in uric acid levels (−0.3 mg/dL, −0.5 to −0.001 95% CI) and ACE activity (−9.3 U/L; −18.4 to −0.4 95% CI) were observed. No changes in endothelial function and inflammatory cytokines were observed. It was concluded that low-dose SAC supplementation in an optimized black-garlic extract allows for an extra-significant reduction in blood pressure in a Grade I hypertensive population receiving drug treatment.</subfield>
   </datafield>
   <datafield tag="653" ind2=" " ind1=" ">
      <subfield code="a">Hypertension</subfield>
   </datafield>
   <datafield tag="653" ind2=" " ind1=" ">
      <subfield code="a">Aged black garlic</subfield>
   </datafield>
   <datafield tag="653" ind2=" " ind1=" ">
      <subfield code="a">Blood pressure</subfield>
   </datafield>
   <datafield tag="653" ind2=" " ind1=" ">
      <subfield code="a">S-allyl-cysteine</subfield>
   </datafield>
   <datafield ind2="0" ind1="0" tag="245">
      <subfield code="a">Antihypertensive Effects of an Optimized Aged Garlic Extract in Subjects with Grade I Hypertension and Antihypertensive Drug Therapy: A Randomized, Triple-Blind Controlled Trial</subfield>
   </datafield>
</record></metadata></record></GetRecord></OAI-PMH>